|
|
|
|
| LEADER |
01170nam a22002777a 4500 |
| 001 |
41018 |
| 003 |
BD-DhAAL |
| 008 |
230327t2019 bg ||||| |||| 00| 0 eng d |
| 020 |
|
|
|a 9848739041
|
| 040 |
|
|
|a BD-DhAAL
|c BD-DhAAL
|
| 082 |
|
|
|a 345.5492002632
|
| 100 |
|
|
|a Hossain, Khandker Mahbub
|9 53944
|
| 245 |
|
|
|a Penal code :
|b with an analytical and expository commentary,
|n volume 2, sections 305-511 /
|c Khandker Mahbub Hossain ; Md. Taha Molla.
|
| 250 |
|
|
|a Second edition
|
| 260 |
|
|
|a Dhaka :
|b Hasan Foundation,
|c 2019.
|
| 300 |
|
|
|a xiv, 1159-2086 pages ;
|c 24 cm.
|
| 362 |
|
|
|a Vol. 2
|
| 504 |
|
|
|a Includes bibliographical references and index.
|
| 541 |
|
|
|a Complimentary copy from Khandker Mahbub Hossain and Associates
|e 41018
|
| 650 |
|
|
|a Criminal law
|z Bangladesh.
|
| 650 |
|
|
|a Law.
|
| 700 |
|
|
|a Molla, Md. Taha
|9 53945
|
| 852 |
|
|
|a Ayesha Abed Library
|c General Stacks
|
| 942 |
|
|
|2 ddc
|c BK
|
| 999 |
|
|
|c 45638
|d 45638
|
| 952 |
|
|
|0 0
|1 0
|2 ddc
|4 0
|6 345_549200263200000_HOS
|7 0
|9 73472
|a BRACUL
|b BRACUL
|c GEN
|d 2023-03-28
|e Complimentary copy from Khandker Mahbub Hossain and Associates
|l 8
|m 24
|o 345.5492002632 HOS
|p 3010041018
|q 2026-05-21
|r 2026-05-07
|s 2026-05-07
|t 1
|w 2023-03-28
|y BK
|